000 00631nam a2200277Ia 4500
005 20260324125451.0
008 008 260324s9999 xx 000 0 eng d
020 _a9780203709610
037 _aEBOOK
040 _aCRL
040 _beng
040 _cCRL
041 _2eng
041 _aeng
084 _qCRL
100 _aLinda Anderson; Derek Neale
_91178093
245 0 _aWriting Fiction
260 _bTaylor and Francis
260 _c2009
365 _a
365 _b230
856 _uhttp://www.taylorfrancis.com/books/9780203709610
942 _cEBOOK
999 _c1773374
_d1773374